| 000 | 00318nam a22001217a 4500 | ||
|---|---|---|---|
| 008 | 230627b xxu||||| |||| 00| 0 eng d | ||
| 020 | _a9210611675 | ||
| 082 |
_a338.4 _bUN 1996 |
||
| 245 |
_aStatistical Yearbook _bForty-first Issue |
||
| 260 |
_aNew York _bUnited Nations _c1996 |
||
| 300 | _aXIV,866p | ||
| 942 |
_2ddc _cBK |
||
| 999 |
_c2806 _d2806 |
||